000 00330nam a2200145Ia 4500
005 20251222152700.0
008 251222s9999||||xx |||||||||||||| ||spa||
020 _a9972956512
082 _a891.7/D11
100 _aD' Angelo, Biagio
245 0 _aMás Allá de la Estepa:
250 _a1ra.ed.
264 _bUCSS
942 _cLIB
999 _c28787
_d28787